| 000 | 01075nam a2200277 i 4500 | ||
|---|---|---|---|
| 001 | 185170 | ||
| 003 | SpMaBN | ||
| 005 | 20231128132803.0 | ||
| 008 | 160331s2010 sp p |||| |dspa d | ||
| 020 | _a978-84-7788-561-0 | ||
| 080 | _a821.134.2-14"15" | ||
| 100 | 1 |
_aHorozco, Sebastián de ( _dca.1510-1580) _9128030 |
|
| 245 | 1 | 0 |
_aCancionero / _cSebastián de Horozco ; edición de José J. Labrador Herraiz, Ralph A. DiFranco, Ramón Morillo-Velarde Pérez. |
| 260 |
_aToledo : _bConsejería de Educación, Ciencia y Cultura de Castilla La Mancha, _c2010. |
||
| 300 |
_a900 p. ; _c24 cm. |
||
| 500 | _aÍndices. | ||
| 504 | _aBibliografía: p. [819]-845. | ||
| 700 | 1 |
_aLabrador Herraiz, José J. _969288 |
|
| 700 | 1 |
_aDiFranco, Ralph A. _944793 |
|
| 700 | 1 |
_aMorillo-Velarde Pérez, Ramón. _9159262 |
|
| 852 |
_aES-MaACL _jA-13669 _9192189 _bR.151036 _cDEPO1 _dOlim: N-6669 _hDonacion: Jose J. Labrador Herraiz |
||
| 903 |
_969288 _aLabrador Herraiz, José J. _ednr |
||
| 942 |
_2udc _cMONOGRAFIA |
||
| 999 |
_c185170 _d185170 |
||